| 000 | 01590nam a2200409 i 4500 | ||
|---|---|---|---|
| 001 | 25382 | ||
| 003 | KOSZ 005 | ||
| 005 | 20200820084539.0 | ||
| 008 | 071026s1971 pl a f 001 0 pol | ||
| 015 | _aPB 1971/11071 | ||
| 040 |
_aWA N _cWA N _dKOSZ 005/KK |
||
| 041 | 1 |
_apol _heng |
|
| 046 | _k1971 | ||
| 080 | _a681.3 | ||
| 100 | 1 |
_aArnold, Robert R. _eAutor |
|
| 245 | 1 | 0 |
_aWprowadzenie do przetwarzania danych / _cRobert R. Arnold, Harold C. Hill, Aylmer V. Nichols ; tłumaczenie Władysław Klepacz, Jan Wierzbowski. |
| 246 | 1 |
_iTytuł oryginału: _aIntroduction to data processing. |
|
| 260 |
_aWarszawa : _bWydawnictwa Naukowo-Techniczne, _c1971. |
||
| 300 |
_a472 strony, 1 tablica : _bilustracje ; _c25 cm. |
||
| 336 |
_aTekst _btxt _2rdacontent |
||
| 337 |
_aBez urządzenia posredniczącego _bn _2rdamedia |
||
| 338 |
_aWolumin _bnc _2rdacarrier |
||
| 380 | _aKsiążki. | ||
| 388 | _a1901-2000 | ||
| 490 | 1 | _aPrzetwarzanie Informacji i Maszyny Matematyczne. | |
| 504 | _aIndeks. | ||
| 658 | _aInformatyka i technologie informacyjne | ||
| 650 | 4 | _aPrzetwarzanie danych | |
| 700 | 1 |
_aHill, Harold C. _eAutor |
|
| 700 | 1 |
_aNichols, Aylmer V. _eAutor |
|
| 700 | 1 |
_aKlepacz, Władysław. _eTłumaczenie |
|
| 700 | 1 |
_aWierzbowski, Jan _d(1932- ). _eTłumaczenie |
|
| 710 | 2 |
_aWydawnictwa Naukowo-Techniczne _4pbl. |
|
| 856 |
_uhttp://koha.tu.koszalin.pl/cgi-bin/koha/opac-detail.pl?biblionumber=25382 _yKatalog online BPK |
||
| 830 | 0 | _aPrzetwarzanie Informacji i Maszyny Matematyczne | |
| 942 |
_2UKD _cKS |
||
| 999 |
_c25382 _d25382 |
||